Geese - Islands of Men - Statistics

General Stats
  • This quiz has been taken 5 times
  • The average score is 197 of 223
Answer Stats
Answers % Correct
an
100%
away
100%
away,
100%
can't
100%
fake
100%
from
100%
From
100%
is
100%
island,
100%
island
100%
islands
100%
keep
100%
men
100%
of
100%
real
100%
running
100%
Running
100%
stop
100%
the
100%
what
100%
Will
100%
You
100%
you
100%
your
100%
And
75%
and
75%
dreams
75%
have
75%
in
75%
it
75%
Like
75%
look
75%
means
75%
see
75%
seen
75%
to
75%
weak
75%
been
50%
green
50%
low
50%
Man
50%
man
50%
mind
50%
not
50%
Oh,
50%
oh,
50%
Peace
50%
surprised
50%
womankind
50%
you've
50%
all
25%
as
25%
cannot
25%
eyed,
25%
find
25%
I'm
25%
Lazy
25%
Sinking
25%
speak
25%
this
25%
Thought
25%
time
25%
you'd
25%
horrible
0%
place
0%
No matching quizzes found
Score Distribution
Percent of People with Each Score
Percentile by Number Answered
Your Score History
You have not taken this quiz